[Event "38th NED-ch"]
[Site "Amsterdam NED"]
[Date "1982.03.19"]
[Round "6"]
[White "Van der Wiel, John"]
[Black "Donner, Jan"]
[Result "0-1"]
[WhiteElo "2470"]
[BlackElo "2460"]
[EventDate "1982.03.13"]
[PlyCount "128"]

1.e4 d6 2.d4 Nf6 3.Nc3 g6 4.f4 Bg7 5.Nf3 O-O 6.Bd3 Nc6 7.O-O e5 8.dxe5 
dxe5 9.f5 Nb4 10.fxg6 hxg6 11.Bg5 Qd6 12.Qd2 Nxd3 13.cxd3 Nh7 14.Bh6 b6 
15.Rad1 Bb7 16.Kh1 c5 17.Bxg7 Kxg7 18.Qf2 Qe7 19.Qg3 Rfe8 20.Rd2 Rad8 21.
Nd1 Qf6 22.Ne3 Qf4 23.Qe1 Qh6 24.h3 Bc8 25.a3 f6 26.b4 cxb4 27.axb4 Be6 
28.d4 exd4 29.Rxd4 Qf4 30.Rxd8 Rxd8 31.Nd4 Qd6 32.Nxe6+ Qxe6 33.Qc3 Ng5 
34.Ra1 Rd7 35.e5 Qxe5 36.Qxe5 fxe5 37.Ng4 Re7 38.Kg1 Nf7 39.Ne3 Nd6 40.Nd5
Rd7 41.Nc3 Kf6 42.Rf1+ Ke6 43.Rf3 Rc7 44.Rg3 g5 45.Ne2 Rc2 46.Kf1 Ne4 47.
Ra3 Rb2 48.g4 Rxb4 49.Rxa7 Rb3 50.Kg2 b5 51.Ra8 Re3 52.Ng1 Rg3+ 53.Kh2 Rb3
54.Kg2 Rb2+ 55.Kf3 Nd6 56.Rg8 b4 57.Ke3 Rb3+ 58.Ke2 e4 59.Rg6+ Kd7 60.Kf2 
Rb1 61.Ne2 b3 62.Nc3 Rc1 63.Na4 Rc2+ 64.Kg3 e3 0-1

[Event "38th NED-ch"]
[Site "Drachten NED"]
[Date "1982.03.21"]
[Round "7"]
[White "Baljon, Christofoor"]
[Black "Kuijf, Marinus"]
[Result "0-1"]
[WhiteElo "2320"]
[BlackElo "2380"]
[EventDate "1982.03.13"]
[PlyCount "84"]

1.e4 c5 2.Nf3 e6 3.d4 cxd4 4.Nxd4 Nf6 5.Nc3 d6 6.f4 Be7 7.Be3 O-O 8.Qf3 e5
9.Nf5 Bxf5 10.exf5 Qa5 11.g4 e4 12.Qd1 Rc8 13.Be2 Rxc3 14.bxc3 Nd5 15.Bd4 
Bh4+ 16.Kf1 Nc6 17.Rb1 Nxc3 18.Bxc3 Qxc3 19.Rb3 Qc5 20.Kg2 Nd4 21.Rxb7 
Nxc2 22.Kh3 Bf2 23.Qb1 Qc3+ 24.Kg2 Bb6 25.Rc1 Ne3+ 26.Kh3 Qd2 27.Re1 Rc8 
28.Qxe4 Qxe1 29.Rxf7 Qc3 30.f6 Nf5+ 31.Bd3 Kxf7 32.Qxf5 gxf6 33.Qxh7+ Ke6 
34.Kh4 Rf8 35.Bf5+ Kd5 36.Qb7+ Kc5 37.Qg7 Qe1+ 38.Kh5 Qe8+ 39.Kh6 Rh8+ 40.
Bh7 Qf8 41.g5 fxg5 42.fxg5 Qxg7+ 0-1

[Event "38th NED-ch"]
[Site "Drachten NED"]
[Date "1982.03.21"]
[Round "7"]
[White "Bohm, Hans"]
[Black "Van der Wiel, John"]
[Result "0-1"]
[WhiteElo "2395"]
[BlackElo "2470"]
[EventDate "1982.03.13"]
[PlyCount "88"]

1.d4 g6 2.c4 Bg7 3.Nc3 d6 4.e4 Nc6 5.d5 Nd4 6.Be3 c5 7.Nge2 Qb6 8.Qd2 Nf6 
9.h3 O-O 10.Rd1 e5 11.dxe6 Nxe6 12.g3 Bd7 13.Bg2 Bc6 14.O-O a6 15.Qc2 Ne8 
16.Rd2 Qa5 17.a4 Rb8 18.Rfd1 b5 19.axb5 axb5 20.cxb5 Bxb5 21.Nxb5 Qxb5 22.
Nc3 Qa5 23.f4 Nd4 24.Qd3 Nc7 25.Qf1 Rfe8 26.Kh2 Rb3 27.Ra1 Qb6 28.Ra2 Ndb5
29.Na4 Qb8 30.Rd3 c4 31.Rxb3 cxb3 32.Ra1 Ne6 33.Rd1 Ned4 34.Qd3 Rc8 35.Rc1
Rxc1 36.Bxc1 Qc7 37.Nc3 Nxc3 38.bxc3 Nc2 39.Bb2 Qa7 40.Qxd6 Qf2 41.Qb8+ 
Bf8 42.Ba3 Nxa3 43.Qxb3 Nc2 44.Qb2 g5 0-1

[Event "38th NED-ch"]
[Site "Drachten NED"]
[Date "1982.03.21"]
[Round "7"]
[White "Donner, Jan"]
[Black "Scheeren, Peter"]
[Result "0-1"]
[WhiteElo "2460"]
[BlackElo "2430"]
[EventDate "1982.03.13"]
[PlyCount "70"]

1.d4 Nf6 2.c4 e6 3.Nc3 Bb4 4.e3 b6 5.Bd3 Bb7 6.Nf3 O-O 7.O-O d5 8.a3 Bd6 
9.b4 dxc4 10.Bxc4 a5 11.bxa5 Rxa5 12.Nb5 Be7 13.Bd2 c6 14.Nc3 Rxa3 15.Rxa3
Bxa3 16.Qe2 Nbd7 17.e4 Be7 18.h3 b5 19.Bd3 b4 20.Na4 Qa8 21.Ra1 Qa5 22.Qe1
Ra8 23.Ra2 Ba6 24.Bxa6 Rxa6 25.e5 Ne8 26.Qb1 Qb5 27.Nb2 Ra3 28.Nd1 Rxa2 
29.Qxa2 Nc7 30.Ne3 b3 31.Qb2 Nb6 32.Be1 Ncd5 33.Nxd5 cxd5 34.Nd2 Qe2 35.
Qb1 Bb4 0-1

[Event "38th NED-ch"]
[Site "Drachten NED"]
[Date "1982.03.21"]
[Round "7"]
[White "Langeweg, Christian"]
[Black "Ree, Hans"]
[Result "0-1"]
[WhiteElo "2410"]
[BlackElo "2475"]
[EventDate "1982.03.13"]
[PlyCount "64"]

1.d4 Nf6 2.c4 g6 3.Nf3 Bg7 4.g3 c5 5.Bg2 Qa5+ 6.Nbd2 O-O 7.O-O cxd4 8.Nxd4
Nc6 9.N4b3 Qc7 10.c5 b6 11.Ne4 Nxe4 12.Bxe4 bxc5 13.Nxc5 Rb8 14.Nb3 Na5 
15.Qd3 d6 16.Be3 Bxb2 17.Rab1 Nxb3 18.axb3 Bf6 19.Rfc1 Qa5 20.Bd2 Qa2 21.
b4 Ba6 22.Qc2 Qxc2 23.Rxc2 Rfc8 24.Rxc8+ Bxc8 25.Be3 Bb7 26.Bd3 a6 27.b5 
a5 28.Rb3 Ra8 29.Ra3 Bb2 30.Rb3 Bf6 31.Ra3 e6 32.Bb6 a4 0-1

[Event "38th NED-ch"]
[Site "Drachten NED"]
[Date "1982.03.21"]
[Round "7"]
[White "Ligterink, Gert"]
[Black "Kuijf, Hans"]
[Result "1/2-1/2"]
[WhiteElo "2455"]
[BlackElo "2320"]
[EventDate "1982.03.13"]
[PlyCount "80"]

1.d4 Nf6 2.Nf3 c5 3.d5 e6 4.c4 exd5 5.cxd5 d6 6.Nc3 g6 7.g3 Bg7 8.Bg2 O-O 
9.O-O Re8 10.Bf4 a6 11.a4 Qe7 12.Re1 Nbd7 13.h3 Rb8 14.e4 Nh5 15.Bc1 Ne5 
16.g4 Nxf3+ 17.Qxf3 Nf6 18.Bg5 h6 19.e5 dxe5 20.Bh4 b5 21.axb5 axb5 22.
Bxf6 Bxf6 23.d6 Qd8 24.d7 Bxd7 25.Red1 e4 26.Nxe4 Bd4 27.Ra7 Rxe4 28.Qxe4 
Be6 29.Qf4 Rc8 30.Bb7 Qc7 31.Qf3 Rd8 32.Raa1 Rb8 33.Be4 Bxb2 34.Ra6 Rb6 
35.Ra8+ Rb8 36.Ra6 Qe5 37.Bd5 Re8 38.Bxe6 Rxe6 39.Rd8+ Kg7 40.Raa8 Qe1+ 
1/2-1/2

[Event "38th NED-ch"]
[Site "Drachten NED"]
[Date "1982.03.21"]
[Round "7"]
[White "Witt, Rob"]
[Black "Van der Sterren, Paul"]
[Result "1/2-1/2"]
[WhiteElo "2335"]
[BlackElo "2470"]
[EventDate "1982.03.13"]
[PlyCount "70"]

1.d4 Nf6 2.c4 e6 3.Nc3 Bb4 4.Qc2 c5 5.dxc5 O-O 6.a3 Bxc5 7.Nf3 b6 8.Bf4 
Bb7 9.Rd1 Nh5 10.Bg5 Be7 11.Bxe7 Qxe7 12.e3 Bxf3 13.gxf3 Nc6 14.Be2 f5 15.
f4 Nf6 16.Qd3 Rac8 17.Nb5 d5 18.cxd5 Nxd5 19.Bf3 Rfd8 20.Qe2 a6 21.Bxd5 
exd5 22.Nd4 Nxd4 23.Rxd4 Rc1+ 24.Rd1 Rxd1+ 25.Qxd1 Qe4 26.O-O Rd6 27.Re1 
Rg6+ 28.Kf1 Qg2+ 29.Ke2 Rh6 30.Qc1 Rf6 31.Qc8+ Rf8 32.Qe6+ Kh8 33.Rd1 Qg4+
34.Ke1 Qg1+ 35.Ke2 Qg4+ 1/2-1/2

[Event "38th NED-ch"]
[Site "Drachten NED"]
[Date "1982.03.22"]
[Round "8"]
[White "Baljon, Christofoor"]
[Black "Witt, Rob"]
[Result "1-0"]
[WhiteElo "2320"]
[BlackElo "2335"]
[EventDate "1982.03.13"]
[PlyCount "93"]

1.e4 e6 2.d4 d5 3.Nc3 Bb4 4.e5 c5 5.a3 Bxc3+ 6.bxc3 Qc7 7.Nf3 b6 8.a4 Ba6 
9.Bxa6 Nxa6 10.Qe2 Nb8 11.Ba3 Nd7 12.O-O Ne7 13.Ne1 Nc6 14.Nd3 Na5 15.Qg4 
g6 16.Qh4 h6 17.Rfe1 Nc4 18.Bc1 Qd8 19.Qh3 Qe7 20.Bxh6 O-O-O 21.f4 Qe8 22.
Nf2 cxd4 23.cxd4 Nb8 24.Ng4 Kb7 25.Qd3 Rc8 26.Bg7 Rh4 27.Nf6 Qc6 28.g3 
Rhh8 29.Bxh8 Rxh8 30.Reb1 Ka8 31.h4 Qc7 32.Kf2 Nc6 33.h5 gxh5 34.Rh1 N4a5 
35.Qc3 Qb7 36.Rxh5 Rc8 37.Rah1 Nd8 38.Qd3 Rc4 39.Rh8 Nc6 40.Ne4 Qd7 41.Nd6
Rxd4 42.Qc3 Rc4 43.Nxc4 dxc4 44.Qxc4 Qd2+ 45.Qe2 Qd4+ 46.Qe3 Qxa4 47.Rd1 
1-0

[Event "38th NED-ch"]
[Site "Drachten NED"]
[Date "1982.03.22"]
[Round "8"]
[White "Kuijf, Hans"]
[Black "Donner, Jan"]
[Result "1/2-1/2"]
[WhiteElo "2320"]
[BlackElo "2460"]
[EventDate "1982.03.13"]
[PlyCount "108"]

1.e4 e5 2.Nf3 d6 3.Bc4 Be7 4.d4 Nc6 5.c3 Nf6 6.Nbd2 O-O 7.Bb3 Bg4 8.d5 Nb8
9.h3 Bc8 10.g4 Nbd7 11.Qe2 a5 12.Nf1 Nc5 13.Bc2 c6 14.c4 cxd5 15.exd5 b5 
16.g5 Nfd7 17.cxb5 Nb6 18.Be3 Bb7 19.O-O-O Rc8 20.Bxc5 Rxc5 21.Ne3 g6 22.
Kb1 Nxd5 23.Nxd5 Bxd5 24.Rhg1 Qa8 25.Ne1 Rfc8 26.Rg3 Qb7 27.a4 Bf8 28.Bb3 
Bxb3 29.Rxb3 Rc4 30.Ra3 d5 31.Rad3 d4 32.Qxe5 Bg7 33.Qd6 Rxa4 34.Qa6 Qxa6 
35.bxa6 Rac4 36.Nf3 R4c6 37.a7 Ra6 38.Nxd4 Rxa7 39.Nb5 Raa8 40.R1d2 h5 41.
Rd7 Rc5 42.R7d5 Rac8 43.Nd6 Rxd5 44.Rxd5 Rd8 45.Rd2 Be5 46.Nc4 Rxd2 47.
Nxd2 Bf4 48.Nc4 Bxg5 49.Nxa5 Bf4 50.Kc2 Kg7 51.Kd3 Kf6 52.Ke4 Bc7 53.Nc4 
Kg5 54.Kf3 Kf5 1/2-1/2

[Event "38th NED-ch"]
[Site "Drachten NED"]
[Date "1982.03.22"]
[Round "8"]
[White "Kuijf, Marinus"]
[Black "Ree, Hans"]
[Result "1/2-1/2"]
[WhiteElo "2380"]
[BlackElo "2475"]
[EventDate "1982.03.13"]
[PlyCount "43"]

1.e4 e6 2.d4 d5 3.Nd2 a6 4.Ngf3 c5 5.dxc5 Bxc5 6.Bd3 Nc6 7.O-O Nge7 8.exd5
Nxd5 9.Ne4 Be7 10.a3 O-O 11.c4 Nf6 12.Qe2 e5 13.Nxf6+ Bxf6 14.Be4 Qc7 15.
Be3 Bg4 16.Rac1 Rfe8 17.Qc2 g6 18.h3 Bxf3 19.Bxf3 Nd4 20.Bxd4 exd4 21.Qd3 
a5 22.b3 1/2-1/2

[Event "38th NED-ch"]
[Site "Drachten NED"]
[Date "1982.03.22"]
[Round "8"]
[White "Scheeren, Peter"]
[Black "Bohm, Hans"]
[Result "1/2-1/2"]
[WhiteElo "2430"]
[BlackElo "2395"]
[EventDate "1982.03.13"]
[PlyCount "99"]

1.d4 e6 2.c4 f5 3.g3 Nf6 4.Bg2 Be7 5.Nf3 d5 6.O-O c6 7.Nc3 O-O 8.Qc2 Bd7 
9.Ne5 Be8 10.Rd1 Nbd7 11.Nd3 h6 12.b3 g5 13.Bb2 Rc8 14.e3 Bg6 15.Ne5 Qe8 
16.cxd5 Nxe5 17.dxe5 Nxd5 18.Nxd5 cxd5 19.Qd2 Qd7 20.Rac1 Bh5 21.Re1 Rxc1 
22.Rxc1 Rc8 23.Rxc8+ Qxc8 24.f4 Kf8 25.Kf2 Qc6 26.Bf1 a6 27.Qc3 Qxc3 28.
Bxc3 Ke8 29.Ke1 Kd7 30.Kd2 Kc6 31.Bd4 Bf3 32.Kc3 g4 33.Kd2 h5 34.h4 Ba3 
35.Bc3 Be4 36.Be2 Bb1 37.Bd3 Bxa2 38.Kc2 b5 39.Ba5 Kc5 40.Bd8 Kc6 41.Ba5 
Kc5 42.Bd8 Bxb3+ 43.Kxb3 Bc1 44.Be7+ Kc6 45.Bb4 Bxe3 46.Be1 Kb6 47.Kc2 a5 
48.Kd1 a4 49.Ke2 Bc5 50.Bc2 1/2-1/2

[Event "38th NED-ch"]
[Site "Drachten NED"]
[Date "1982.03.22"]
[Round "8"]
[White "Van der Sterren, Paul"]
[Black "Ligterink, Gert"]
[Result "0-1"]
[WhiteElo "2470"]
[BlackElo "2455"]
[EventDate "1982.03.13"]
[PlyCount "82"]

1.d4 Nf6 2.c4 e6 3.Nf3 b6 4.a3 Bb7 5.Nc3 d5 6.cxd5 Nxd5 7.e3 Be7 8.Bb5+ c6
9.Bd3 Nxc3 10.bxc3 c5 11.O-O Nc6 12.e4 O-O 13.Be3 Rc8 14.Qe2 cxd4 15.cxd4 
Na5 16.Rfe1 Qc7 17.a4 Rfd8 18.Rab1 Nc6 19.Bb5 Nb4 20.Rbc1 Qb8 21.Bd2 Nc2 
22.Red1 Nxd4 23.Nxd4 Rxd4 24.f3 a6 25.Bc4 Bc5 26.Kh1 Rcd8 27.Bg5 Rxd1+ 28.
Rxd1 Rxd1+ 29.Qxd1 Qe8 30.g4 h6 31.Bf4 Bc6 32.Bb3 Qe7 33.Be5 Qg5 34.Bd4 a5
35.Bxc5 Qxc5 36.Qd8+ Kh7 37.Qd3 b5 38.e5+ g6 39.axb5 Bxb5 40.Qe4 Qf2 41.h3
Be2 0-1

[Event "38th NED-ch"]
[Site "Drachten NED"]
[Date "1982.03.22"]
[Round "8"]
[White "Van der Wiel, John"]
[Black "Langeweg, Christian"]
[Result "1-0"]
[WhiteElo "2470"]
[BlackElo "2410"]
[EventDate "1982.03.13"]
[PlyCount "55"]

1.e4 c5 2.Nf3 e6 3.d4 cxd4 4.Nxd4 Nc6 5.Nc3 a6 6.Bf4 d6 7.Nxc6 bxc6 8.Bc4 
Nf6 9.Qe2 e5 10.O-O-O Nd7 11.Be3 Be7 12.Qg4 Bf8 13.Qh5 Qf6 14.h4 Nc5 15.
Bxc5 dxc5 16.Kb1 Be7 17.Qe2 a5 18.Na4 Rb8 19.b3 O-O 20.Rd3 Rb4 21.Nb2 Qg6 
22.Rg3 Qd6 23.Rd1 Qb8 24.Qh5 Kh8 25.a3 g6 26.Qh6 Rb6 27.h5 g5 28.Rxg5 1-0

[Event "38th NED-ch"]
[Site "Drachten NED"]
[Date "1982.03.23"]
[Round "9"]
[White "Bohm, Hans"]
[Black "Kuijf, Hans"]
[Result "1-0"]
[WhiteElo "2395"]
[BlackElo "2320"]
[EventDate "1982.03.13"]
[PlyCount "80"]

1.d4 Nf6 2.c4 c5 3.Nf3 cxd4 4.Nxd4 e5 5.Nb5 d5 6.cxd5 Bc5 7.N5c3 O-O 8.e3 
Nbd7 9.a3 e4 10.b4 Bd6 11.Bb2 Be5 12.Nd2 Nb6 13.Qb3 Bf5 14.Rd1 Rc8 15.Be2 
a6 16.h3 Qd7 17.g4 Bg6 18.g5 Bxc3 19.Bxc3 Nfxd5 20.Bd4 Qe6 21.h4 Bf5 22.h5
Bg4 23.Rh4 Bxe2 24.Kxe2 Nc4 25.Qb1 Nxd2 26.Rxd2 Rfe8 27.Kf1 Qf5 28.Qd1 Nc3
29.Qg4 Qxg4 30.Rxg4 Nb1 31.Ra2 Rc1+ 32.Kg2 Nc3 33.Rd2 Nb1 34.Ra2 Nc3 35.
Bxc3 Rxc3 36.Rd2 Rxa3 37.Rxe4 Kf8 38.Rc4 f6 39.gxf6 gxf6 40.Rd7 Rb3 1-0

[Event "38th NED-ch"]
[Site "Drachten NED"]
[Date "1982.03.23"]
[Round "9"]
[White "Donner, Jan"]
[Black "Van der Sterren, Paul"]
[Result "0-1"]
[WhiteElo "2460"]
[BlackElo "2470"]
[EventDate "1982.03.13"]
[PlyCount "124"]

1.d4 Nf6 2.c4 g6 3.g3 Bg7 4.Bg2 c5 5.d5 d6 6.Nc3 O-O 7.Nf3 e6 8.O-O exd5 
9.cxd5 a6 10.a4 Nbd7 11.h3 Re8 12.Nd2 Rb8 13.a5 b5 14.axb6 Nxb6 15.e4 Nfd7
16.Qc2 Qc7 17.Rd1 c4 18.Na4 Nxa4 19.Rxa4 Nc5 20.Rxc4 a5 21.Ra4 Ba6 22.Ra3 
Rb4 23.Nb3 Rc4 24.Qb1 Nxb3 25.Rxb3 a4 26.Ra3 Rc8 27.Bd2 Rb8 28.b4 Rc2 29.
Rxa4 Bd3 30.Be3 Qc4 31.Ra3 Bxe4 32.Bxe4 Qxe4 33.Ra2 Rc4 34.Qxe4 Rxe4 35.
Rb1 Bd4 36.Bxd4 Rxd4 37.b5 Rxd5 38.b6 Re5 39.b7 Kg7 40.Ra8 Ree8 41.Rxb8 
Rxb8 42.Kg2 Kf6 43.Kf3 Ke5 44.Rb5+ Kd4 45.Kf4 Kc4 46.Rb2 Kc5 47.Kg5 Kc6 
48.Kh6 Rxb7 49.Rc2+ Kd5 50.Rd2+ Kc5 51.Kxh7 d5 52.h4 d4 53.Kg7 Kc4 54.g4 
d3 55.f4 Kc3 56.Rd1 f5+ 57.Kxg6 fxg4 58.Kf5 g3 59.Rg1 Rf7+ 60.Kg4 d2 61.
Kh3 g2 62.h5 Rxf4 0-1

[Event "38th NED-ch"]
[Site "Drachten NED"]
[Date "1982.03.23"]
[Round "9"]
[White "Ligterink, Gert"]
[Black "Baljon, Christofoor"]
[Result "1-0"]
[WhiteElo "2455"]
[BlackElo "2320"]
[EventDate "1982.03.13"]
[PlyCount "69"]

1.d4 Nf6 2.c4 g6 3.Nc3 Bg7 4.e4 O-O 5.Be3 c6 6.f3 d5 7.e5 Ne8 8.cxd5 cxd5 
9.f4 Nc6 10.Nf3 f6 11.Be2 Bh6 12.O-O Ng7 13.Qd2 Be6 14.Rad1 a6 15.h3 Nf5 
16.Bf2 fxe5 17.Nxe5 Nxe5 18.dxe5 d4 19.Na4 Bxa2 20.g4 Bb3 21.gxf5 Bxa4 22.
Bc4+ Kh8 23.b3 Bc6 24.f6 exf6 25.exf6 b5 26.Be6 Qd6 27.Rfe1 Bxf4 28.Qxd4 
Bh2+ 29.Kf1 Qxd4 30.Bxd4 h6 31.f7+ Kh7 32.Bc5 Rh8 33.Bd7 Bf3 34.Rd3 Bb7 
35.Re8 1-0

[Event "38th NED-ch"]
[Site "Drachten NED"]
[Date "1982.03.23"]
[Round "9"]
[White "Ree, Hans"]
[Black "Van der Wiel, John"]
[Result "1-0"]
[WhiteElo "2475"]
[BlackElo "2470"]
[EventDate "1982.03.13"]
[PlyCount "81"]

1.d4 Nf6 2.c4 e6 3.Nf3 b6 4.g3 Ba6 5.Nbd2 Bb4 6.Qa4 c5 7.a3 Bxd2+ 8.Bxd2 
cxd4 9.Nxd4 Bb7 10.f3 O-O 11.Bg2 Na6 12.O-O Rc8 13.e4 Nc5 14.Qd1 Ba6 15.b4
Nd3 16.b5 Bb7 17.Qe2 Nc5 18.Rfd1 Qc7 19.e5 Ne8 20.Bf4 Qd8 21.a4 f6 22.exf6
Qxf6 23.a5 g5 24.Be5 Qe7 25.a6 Ba8 26.Nc2 d6 27.Bb2 e5 28.Ne3 Qe6 29.Ba3 
Nb3 30.Qf1 Nxa1 31.Bh3 Qg6 32.Bxc8 Rxf3 33.Qe1 Qe4 34.Bb7 Bxb7 35.axb7 
Rxe3 36.Qd2 Qxb7 37.Qxe3 Nc2 38.Qxg5+ Qg7 39.Qxg7+ Nxg7 40.Bxd6 Ne3 41.Rc1
1-0

[Event "38th NED-ch"]
[Site "Drachten NED"]
[Date "1982.03.23"]
[Round "9"]
[White "Witt, Rob"]
[Black "Kuijf, Marinus"]
[Result "1/2-1/2"]
[WhiteElo "2335"]
[BlackElo "2380"]
[EventDate "1982.03.13"]
[PlyCount "113"]

1.c4 e6 2.Nf3 d5 3.d4 Nf6 4.g3 dxc4 5.Qa4+ Nbd7 6.Qxc4 a6 7.Qc2 c5 8.Bg2 
b6 9.Nc3 Bb7 10.O-O Rc8 11.Rd1 b5 12.dxc5 Bxc5 13.Qd3 Qb6 14.e3 O-O 15.Qe2
Rfd8 16.Bd2 Qa7 17.Ne1 Ne5 18.Bc1 Bxg2 19.Kxg2 Qa8+ 20.f3 Rxd1 21.Nxd1 Bb4
22.Nd3 Nxd3 23.Qxd3 Qd5 24.Nf2 Qxd3 25.Nxd3 Rc2+ 26.Kh3 Bd2 27.Bxd2 Rxd2 
28.Nb4 a5 29.Rc1 h5 30.Rc2 Rd1 31.Nc6 a4 32.a3 Re1 33.e4 g5 34.Nd4 g4+ 35.
Kg2 gxf3+ 36.Kxf3 Nxe4 37.Nxb5 f5 38.Nc3 Nxc3 39.Rxc3 Rb1 40.Rc2 Kf7 41.
Ke3 Kf6 42.h4 Re1+ 43.Kf3 Ke5 44.Rc5+ Kd6 45.Rc4 Rb1 46.Rb4 e5 47.Ke3 Re1+
48.Kf3 e4+ 49.Kf2 Rb1 50.Ke2 Rg1 51.Kf2 Rd1 52.Rxa4 Rd2+ 53.Kf1 Rxb2 54.
Ra6+ Ke5 55.Ra5+ Ke6 56.Ra6+ Ke5 57.Ra5+ 1/2-1/2

[Event "38th NED-ch"]
[Site "Drachten NED"]
[Date "1982.03.24"]
[Round "10"]
[White "Kuijf, Marinus"]
[Black "Van der Wiel, John"]
[Result "1/2-1/2"]
[WhiteElo "2380"]
[BlackElo "2470"]
[EventDate "1982.03.13"]
[PlyCount "46"]

1.e4 c5 2.Nf3 d6 3.d4 Nf6 4.Nc3 cxd4 5.Nxd4 a6 6.Be3 e6 7.a4 Nc6 8.Be2 e5 
9.Nb3 Be6 10.Nd5 Bxd5 11.exd5 Ne7 12.c4 Nf5 13.Bd2 Be7 14.O-O O-O 15.Na5 
Qc7 16.b4 Nd4 17.Be3 b6 18.Nb3 Nxe2+ 19.Qxe2 b5 20.Rfc1 bxc4 21.Rxc4 Qb7 
22.Rd1 Qd7 23.Qa2 Rfc8 1/2-1/2

[Event "38th NED-ch"]
[Site "Drachten NED"]
[Date "1982.03.24"]
[Round "10"]
[White "Scheeren, Peter"]
[Black "Ree, Hans"]
[Result "1/2-1/2"]
[WhiteElo "2430"]
[BlackElo "2475"]
[EventDate "1982.03.13"]
[PlyCount "50"]

1.d4 Nf6 2.c4 e6 3.Nc3 Bb4 4.e3 O-O 5.Bd3 Nc6 6.Nf3 d5 7.O-O a6 8.h3 dxc4 
9.Bxc4 Bd6 10.e4 e5 11.Be3 b5 12.Be2 exd4 13.Nxd4 Bb7 14.Nxc6 Bxc6 15.Bf3 
Re8 16.Qc2 Qe7 17.Bd4 Nxe4 18.Rae1 f5 19.Nxe4 Bxe4 20.Bxe4 fxe4 21.f3 c5 
22.Rxe4 Qf7 23.Rxe8+ Rxe8 24.Bxc5 Bxc5+ 25.Qxc5 Qxa2 1/2-1/2

[Event "38th NED-ch"]
[Site "Drachten NED"]
[Date "1982.03.24"]
[Round "10"]
[White "Van der Sterren, Paul"]
[Black "Bohm, Hans"]
[Result "1-0"]
[WhiteElo "2470"]
[BlackElo "2395"]
[EventDate "1982.03.13"]
[PlyCount "77"]

1.e4 e6 2.d4 d5 3.Nc3 Bb4 4.e5 c5 5.a3 Bxc3+ 6.bxc3 Ne7 7.Nf3 Bd7 8.a4 Qa5
9.Qd2 Nbc6 10.Bd3 c4 11.Be2 f6 12.O-O O-O-O 13.Ba3 Rde8 14.Rfe1 h5 15.h4 
Nf5 16.g3 Nce7 17.Bf1 Ng8 18.Bb4 Qd8 19.a5 a6 20.Bh3 Ngh6 21.Re2 Reg8 22.
Qe1 g5 23.Bxf5 Nxf5 24.exf6 gxh4 25.f7 Rg7 26.Ne5 hxg3 27.fxg3 Nxg3 28.Rg2
Qh4 29.f8=Q+ Rxf8 30.Bxf8 Rg8 31.Be7 Qh1+ 32.Kf2 Qh3 33.Bd6 Rg5 34.Be7 
Rf5+ 35.Nf3 Ne4+ 36.Kg1 Rxf3 37.Bh4 Re3 38.Qc1 Nxc3 39.Qd2 1-0

[Event "38th NED-ch"]
[Site "Drachten NED"]
[Date "1982.03.24"]
[Round "10"]
[White "Witt, Rob"]
[Black "Ligterink, Gert"]
[Result "1/2-1/2"]
[WhiteElo "2335"]
[BlackElo "2455"]
[EventDate "1982.03.13"]
[PlyCount "88"]

1.d4 Nf6 2.c4 e6 3.Nc3 Bb4 4.Qc2 O-O 5.a3 Bxc3+ 6.Qxc3 b6 7.Bg5 Bb7 8.e3 
d6 9.f3 Nbd7 10.Bd3 c5 11.Ne2 Rc8 12.O-O Ba6 13.b3 d5 14.Rac1 cxd4 15.exd4
dxc4 16.bxc4 Bxc4 17.Bxc4 b5 18.Qb3 bxc4 19.Rxc4 Rxc4 20.Qxc4 Qa5 21.Bc1 
Nd5 22.h3 N7b6 23.Qd3 Rc8 24.Kh1 Qa4 25.Qe4 Rc2 26.Ng3 Qc4 27.Bg5 h6 28.
Bd8 Qa2 29.Rg1 Nc4 30.f4 Nce3 31.f5 exf5 32.Nxf5 Nxf5 33.Qxf5 Rf2 34.Qc8 
Kh7 35.Bh4 Qc2 36.Qe8 Rf4 37.Bg3 Qe4 38.Qd7 Rf6 39.Qxa7 Rg6 40.Qb8 Rg5 41.
Kh2 Qxd4 42.Qb1+ f5 43.Rd1 Qe3 44.Qd3 Rxg3 1/2-1/2

[Event "38th NED-ch"]
[Site "Drachten NED"]
[Date "1982.03.26"]
[Round "11"]
[White "Bohm, Hans"]
[Black "Baljon, Christofoor"]
[Result "1-0"]
[WhiteElo "2395"]
[BlackElo "2320"]
[EventDate "1982.03.13"]
[PlyCount "79"]

1.d4 Nf6 2.c3 d6 3.Bg5 Nbd7 4.Nd2 c5 5.e3 b6 6.a4 Bb7 7.a5 b5 8.a6 Bc6 9.
f4 Qb6 10.Ngf3 Nb8 11.Bd3 Nxa6 12.O-O c4 13.Bc2 Nc7 14.e4 Ne6 15.e5 Nd5 
16.f5 Nxg5 17.Nxg5 dxe5 18.Qh5 O-O-O 19.Ndf3 exd4 20.Nxd4 Ne3 21.Rf2 Nxc2 
22.Rxc2 e5 23.fxe6 Bc5 24.exf7 Bxd4+ 25.cxd4 Qxd4+ 26.Rf2 Qc5 27.Qg4+ Bd7 
28.Qf3 Kb8 29.Ne4 Qb6 30.Qg3+ Ka8 31.Qxg7 Rhf8 32.Qxh7 Qd4 33.Qg6 Bc8 34.
Nc3 Bb7 35.Rd1 Qe3 36.Rxd8+ Rxd8 37.Qf6 Qc1+ 38.Rf1 Qe3+ 39.Kh1 Qd2 40.
Qxd8+ 1-0

[Event "38th NED-ch"]
[Site "Drachten NED"]
[Date "1982.03.26"]
[Round "11"]
[White "Donner, Jan"]
[Black "Witt, Rob"]
[Result "1/2-1/2"]
[WhiteElo "2460"]
[BlackElo "2335"]
[EventDate "1982.03.13"]
[PlyCount "55"]

1.d4 Nf6 2.c4 e6 3.Nc3 Bb4 4.e3 c5 5.Bd3 d5 6.Nf3 O-O 7.O-O Nc6 8.a3 Bxc3 
9.bxc3 dxc4 10.Bxc4 Qc7 11.Bd3 e5 12.Qc2 Re8 13.dxe5 Nxe5 14.Nxe5 Qxe5 15.
f3 Bd7 16.a4 Rad8 17.Re1 Bc6 18.e4 Nd5 19.Bd2 Nf4 20.Bf1 c4 21.Bxf4 Qxf4 
22.Qf2 Qd2 23.Qxa7 Qxc3 24.Rec1 Qb2 25.Rab1 Ra8 26.Qc5 Qd2 27.Rxc4 Ra5 28.
Qb4 1/2-1/2

[Event "38th NED-ch"]
[Site "Drachten NED"]
[Date "1982.03.26"]
[Round "11"]
[White "Langeweg, Christian"]
[Black "Van der Sterren, Paul"]
[Result "1/2-1/2"]
[WhiteElo "2410"]
[BlackElo "2470"]
[EventDate "1982.03.13"]
[PlyCount "129"]

1.d4 Nf6 2.c4 e6 3.Nc3 Bb4 4.e3 c5 5.Ne2 cxd4 6.exd4 O-O 7.a3 Be7 8.d5 
exd5 9.cxd5 Re8 10.Be3 Ng4 11.Bd4 d6 12.Ng3 Bf6+ 13.Be2 Nd7 14.O-O Bxd4 
15.Qxd4 Nde5 16.h3 Nf6 17.Rad1 Bd7 18.Rfe1 Ng6 19.Qb4 Qb6 20.Qxb6 axb6 21.
Bb5 Rxe1+ 22.Rxe1 Rd8 23.Bxd7 Rxd7 24.Nge4 Ne8 25.Nb5 Kf8 26.Nec3 Nf6 27.
Rd1 Ne7 28.g4 g5 29.Rd4 Rd8 30.Kg2 Ng6 31.Kf1 Nf4 32.h4 h6 33.hxg5 hxg5 
34.Ne4 Rc8 35.Nbc3 Nxe4 36.Rxe4 Nd3 37.Re2 Rc4 38.f3 Nxb2 39.Rxb2 Rxc3 40.
Kf2 Rxa3 41.Rxb6 Ra6 42.Rxb7 Ra5 43.Ke3 Rxd5 44.Ke4 Re5+ 45.Kd4 Ke8 46.Ra7
Re7 47.Ra5 f6 48.Ra8+ Kd7 49.Ra7+ Ke6 50.Ra5 Rb7 51.Ra6 Rb4+ 52.Ke3 Ke5 
53.Ra8 Rb3+ 54.Kf2 d5 55.Ra5 Rc3 56.Ra6 Rc2+ 57.Kg3 d4 58.Ra5+ Kd6 59.Ra8 
Kd5 60.Rd8+ Kc4 61.Rd6 d3 62.Rxf6 d2 63.Rd6 Kb3 64.f4 Kc4 65.Kf3 1/2-1/2

[Event "38th NED-ch"]
[Site "Drachten NED"]
[Date "1982.03.26"]
[Round "11"]
[White "Ligterink, Gert"]
[Black "Kuijf, Marinus"]
[Result "1-0"]
[WhiteElo "2455"]
[BlackElo "2380"]
[EventDate "1982.03.13"]
[PlyCount "81"]

1.e4 e6 2.d4 d5 3.Nd2 Nf6 4.e5 Nfd7 5.Bd3 c5 6.c3 Nc6 7.Ne2 cxd4 8.cxd4 f6
9.exf6 Nxf6 10.Nf3 Bd6 11.Bf4 Qa5+ 12.Qd2 Bb4 13.Nc3 Ne4 14.Bxe4 dxe4 15.
Ne5 Nxe5 16.Bxe5 O-O 17.O-O Bxc3 18.bxc3 Bd7 19.Rfe1 Bc6 20.Qg5 Rf7 21.Re3
Qd8 22.Qg4 Bd5 23.a3 b5 24.Rae1 Qe7 25.Rh3 Qxa3 26.Qh5 h6 27.Rg3 Kf8 28.
Bxg7+ Ke8 29.Bf6 Qf8 30.Rg7 a5 31.Qg6 a4 32.Rg8 a3 33.Rxf8+ Kxf8 34.Be5 a2
35.Bd6+ Ke8 36.Qg8+ Kd7 37.Qxf7+ Kxd6 38.Ra1 Rc8 39.Qf4+ Kd7 40.Qd2 Ra8 
41.Qxh6 1-0

[Event "38th NED-ch"]
[Site "Drachten NED"]
[Date "1982.03.26"]
[Round "11"]
[White "Ree, Hans"]
[Black "Kuijf, Hans"]
[Result "1-0"]
[WhiteElo "2475"]
[BlackElo "2320"]
[EventDate "1982.03.13"]
[PlyCount "79"]

1.d4 e6 2.c4 d5 3.Nf3 c6 4.Qc2 Nd7 5.g3 f5 6.cxd5 cxd5 7.Bf4 Bb4+ 8.Nc3 
Ngf6 9.a3 Bxc3+ 10.Qxc3 O-O 11.e3 Ne4 12.Qc7 Qxc7 13.Bxc7 Ndf6 14.Ne5 Bd7 
15.f3 Rfc8 16.Rc1 Nd6 17.Nxd7 Nxd7 18.Kd2 Nf7 19.Bb5 Nf6 20.b3 Kf8 21.h3 
h5 22.h4 Ke7 23.Bf4 Nd6 24.Bd3 Kd7 25.Be5 Rc6 26.Rxc6 bxc6 27.a4 Nf7 28.
Bf4 Nd6 29.Rg1 Rb8 30.Kc2 Rg8 31.b4 Rc8 32.Rb1 Nfe8 33.Ba6 Ra8 34.Kb3 Rb8 
35.Be5 Nf6 36.Ka3 Rg8 37.Rc1 Rb8 38.Rc5 Rb6 39.Bd3 Nb7 40.a5 1-0

[Event "38th NED-ch"]
[Site "Drachten NED"]
[Date "1982.03.26"]
[Round "11"]
[White "Van der Wiel, John"]
[Black "Scheeren, Peter"]
[Result "1/2-1/2"]
[WhiteElo "2470"]
[BlackElo "2430"]
[EventDate "1982.03.13"]
[PlyCount "41"]

1.e4 c6 2.d4 d5 3.e5 Bf5 4.Nc3 e6 5.g4 Bg6 6.Nge2 c5 7.Be3 cxd4 8.Nxd4 Nc6
9.Bb5 Ne7 10.f4 a6 11.Ba4 Qc7 12.O-O O-O-O 13.Bxc6 Nxc6 14.Nxc6 Qxc6 15.
Qd4 Be7 16.Ne2 h5 17.f5 exf5 18.gxf5 Bxf5 19.Rxf5 Qg6+ 20.Ng3 h4 21.Rf3 
1/2-1/2